The Real Housewives of Beverly Hills Cast Members - Statistics

General Stats
  • This quiz has been taken 17 times
  • The average score is 8 of 23
Answer Stats
Seasons Appearing Real Housewife % Correct
Seasons 1-5; Guest Seasons 6-7, 9-10, 13 Kim Richards
89%
Seasons 1-9 Lisa Vanderpump
89%
Seasons 5-12; Guest Season 4 Lisa Rinna
67%
Seasons 9-10; Guest Seasons 5,13 Denise Richards
56%
Seasons 1-3; Guest Seasons 5-6, 8, 10 Adrienne Maloof
44%
Seasons 5-7; Guest Seasons 8, 10 Eileen Davidson
44%
Seasons 1-3; Guest Seasons 4-6 Taylor Armstrong
44%
Seasons 3-6 Yolanda Hadid
44%
Seasons 3-5; Friend of Season 2; Guest Seasons 6, 9-10 Brandi Glanville
33%
Seasons 7-14 Dorit Kemsley
33%
Seasons 6-14 Erika Girardi
33%
Seasons 10-14 Garcelle Beauvais
33%
Seasons 11-14; Friend of Season 10 Sutton Stracke
33%
Seasons 1-2; Friend of Seasons 3, 8-9; Guest Seasons 5-7, 10, 13-14 Camille Grammar
22%
Seasons 11-13 Crystal Kung Minkoff
22%
Seasons 1-14 Kyle Richards Umansky
22%
Season 13 Annemarie Wiley
11%
Season 14 Bozoma Saint John
11%
Season 4 Carlton Gebbia
11%
Season 12 Diana Jenkins
11%
Season 6 Kathryn Edwards
11%
Seasons 8-10; Guest Seasons 11-13 Teddi Mellencamp Arroyave
11%
Season 4 Joyce Giraud de Ohoven
0%
No matching quizzes found
Score Distribution
Percent of People with Each Score
Percentile by Number Answered
Your Score History
You have not taken this quiz